000
00251nam a22000977a 4500
008
180801b xxu||||| |||| 00| 0 eng d
082
_a
813.52
245
_a
Type 1 Diabetes in Children a passport to knowledge
_c
Savy
300
_a
1
_f
CD
942
_2
ddc
_c
MX
999
_c
46700
_d
46700